00945nam a2200277 a 450000100060000000300080000600500170001400800370003102000150006802000220008303500190010504000270012404100080015108200260015910000300018524500850021525000290030026000520032930000330038150000270041450400500044160000500049160000370054165100370057865100520061524981BD-RjUL20211209050819.0140315r1954enk 000 0 eng  a0521303567 a0521316375 (pbk.) a(BD-RjUL)25050 aDLCcDLCbengdBD-RjUL aeng a945.08219bSMC 19541 aMack Smith, Denis,d1920-10aCavour and Garibaldi, 1860 :ba study in political conflict /cby D. Mack Smith. aReprint with new preface aCambridge :bCambridge University Press,c1954. axvii, 458 p. :bmap ;c24 cm aFirst published, 1954. aIncludes bibliographical references and index10aCavour, Camillo Benso,cconte di,d1810-1861.10aGaribaldi, Giuseppe,d1807-1882. 0aItalyxHistoryyWar of 1860-1861 0aKingdom of the Two SiciliesxHistoryy1848-1861